Devine le pays avec le plat - Statistiques

Statistiques générales
  • Ce quiz a été pris 635 fois
    220 depuis la dernière actualisation
  • Le résultat moyen est 16 sur 20
Statistiques - réponses
Plats Pays % Correct
Sushi Japon
100%
Pizza Italie
99%
Ratatouille France
98%
Paella Espagne
97%
Tacos Mexique
97%
Hamburger États-Unis
96%
Couscous Maroc
94%
Bretzel Allemagne
93%
Kebab Turquie
93%
Fondue Suisse
92%
Curry Inde
91%
Pad Thaï Thaïlande
91%
Canard laqué Chine
86%
Pho Vietnam
76%
Moussaka Grèce
75%
Kimchi Corée du sud
68%
Empanadas Argentine
61%
Fejioada Brésil
59%
Bortsch Russie
55%
Biltong Afrique du Sud
15%
Aucun quiz correspondant
Distribution des résultats
% des personnes avec chaque résultat
Percentile par nombre de réponses
Votre historique - résultats
Vous n’avez pas pris ce quiz depuis la dernière actualisation